000 00427nam a2200133Ia 4500
008 100328s9999 xx 000 0 und d
082 _b54169
100 _aशेकटकर मु.रं.
245 _aवायरमन (तारतंत्री)
260 _bउदयम
630 _aवायरमन (तारतंत्री)
730 _aवायरमन (तारतंत्री)
942 _cBOOK
999 _c540892
_d540889